Economy and environment (Record no. 15678)
[ view plain ]
| 000 -LEADER | |
|---|---|
| fixed length control field | 00508nam a22001337a 4500 |
| 008 - FIXED-LENGTH DATA ELEMENTS--GENERAL INFORMATION | |
| fixed length control field | 160212b xxu||||| |||| 00| 0 eng d |
| 020 ## - INTERNATIONAL STANDARD BOOK NUMBER | |
| International Standard Book Number | 0521340816 |
| 100 ## - MAIN ENTRY--PERSONAL NAME | |
| Personal name | Perrings, Charles |
| 245 ## - TITLE STATEMENT | |
| Title | Economy and environment |
| Remainder of title | A Theoretical Essay on the Interdependence of Economic and Environment Systems |
| Statement of responsibility, etc. | Charles Perrings |
| 260 ## - PUBLICATION, DISTRIBUTION, ETC. (IMPRINT) | |
| Place of publication, distribution, etc. | New york |
| Name of publisher, distributor, etc. | Cambridge University Press |
| Date of publication, distribution, etc. | 1987 |
| 300 ## - PHYSICAL DESCRIPTION | |
| Extent | xv,179p. |
| 650 ## - SUBJECT ADDED ENTRY--TOPICAL TERM | |
| Topical term or geographic name as entry element | Economic development |
| Form subdivision | Environmental aspects |
| 942 ## - ADDED ENTRY ELEMENTS (KOHA) | |
| Source of classification or shelving scheme | Library of Congress Classification |
| Koha item type | General Collection |
| Classification part | HD 75.6 |
| Call number prefix | .P47 1987 C.1 |
| Withdrawn status | Lost status | Source of classification or shelving scheme | Not for loan | Home library | Current library | Shelving location | Date acquired | Cost, normal purchase price | Total Checkouts | Full call number | Barcode | Date last seen | Price effective from | Koha item type |
|---|---|---|---|---|---|---|---|---|---|---|---|---|---|---|
| Library of Congress Classification | Kabarak, Main Campus | Kabarak, Main Campus | General Stacks | 12/02/2016 | 4052.20 | HD 75.6.P47 1987 C.1 | 016906 | 02/08/2024 | 12/02/2016 | General Collection |